Aplikace odporového svařování v elektrotechnice

Bibliographic Details
Main Authors: Brabec, B. (Author), Štupl, Karel, 1934- (Author)
Format: Article
Language:Czech
PhysicalDescription:Obr. 2. Tb. 2., lit. 4. zázn. v nem.
Subjects:

MARC

LEADER 00000nab a2200000 a 4500
001 vtls000259506
003 SK-MaSNL
005 20260303201659.0
008 160201c1986 xo 0 cze
015 |a SNBRA19rr/mm-uuuuu 
035 |a CL0269620 
040 |a SNKBUCL  |b slo  |c SNKBUCL  |e AACR2 
041 0 |a cze 
044 |a xo  |c SK 
080 |a 621.791.76:621.3  |2 1981 
080 |a 621.3  |2 1981 
100 1 |a Brabec, B.  |4 aut  |9 1232752 
245 1 0 |a Aplikace odporového svařování v elektrotechnice  |c B. Brabec, K. Štupl 
300 |b Obr. 2. Tb. 2., lit. 4. zázn. v nem. 
650 0 7 |a elektrotechnický priemysel  |2 snkbucl  |9 75359 
650 0 7 |a odporové zváranie  |2 snkbucl  |9 50960 
655 7 |a články zo zborníkov  |2 snkbucl  |9 166140 
700 1 |a Štupl, Karel,  |d 1934-  |4 aut  |9 7241 
773 0 |t Welding 86. 2. konferencia. Tlakové metódy zvárania  |d Bratislava : Dom techniky ČSVTS, 1986  |g S. 28-37 
850 |a Slovenská národná knižnica v Martine  |a MTA001 
852 |a SNK  |b KIS3GCP 
958 |a RK 
958 |a CZ 
992 |a RZB 
999 |c 2175397  |d 2177327